|
|
|
|
| LEADER |
01535nam a2200421Ia 4500 |
| 001 |
EBC912084 |
| 003 |
MiAaPQ |
| 005 |
20200520144314.0 |
| 006 |
m o d | |
| 007 |
cr cn||||||||| |
| 008 |
110831s2012 cau sb 001 0 eng d |
| 010 |
|
|
|z 2011036779
|
| 020 |
|
|
|z 0804774129
|
| 020 |
|
|
|z 9780804774123
|
| 020 |
|
|
|z 9780804781862
|
| 035 |
|
|
|a (MiAaPQ)EBC912084
|
| 035 |
|
|
|a (Au-PeEL)EBL912084
|
| 035 |
|
|
|a (CaPaEBR)ebr10571083
|
| 035 |
|
|
|a (OCoLC)802053789
|
| 040 |
|
|
|a MiAaPQ
|c MiAaPQ
|d MiAaPQ
|
| 050 |
|
4 |
|a HD30.29
|b .M36 2012
|
| 082 |
0 |
4 |
|a 658.4/03
|2 23
|
| 100 |
1 |
|
|a Marquardt, Michael J.
|
| 245 |
1 |
0 |
|a Breakthrough problem solving with action learning
|h [electronic resource] :
|b concepts and cases /
|c Michael J. Marquardt, Roland K. Yeo.
|
| 260 |
|
|
|a Stanford, California :
|b Stanford Business Books,
|c 2012.
|
| 300 |
|
|
|a xiv, 241 p.
|
| 504 |
|
|
|a Includes bibliographical references and index.
|
| 533 |
|
|
|a Electronic reproduction. Ann Arbor, MI : ProQuest, 2015. Available via World Wide Web. Access may be limited to ProQuest affiliated libraries.
|
| 650 |
|
0 |
|a Active learning
|v Case studies.
|
| 650 |
|
0 |
|a Active learning.
|
| 650 |
|
0 |
|a Organizational learning
|v Case studies.
|
| 650 |
|
0 |
|a Organizational learning.
|
| 650 |
|
0 |
|a Problem solving
|v Case studies.
|
| 650 |
|
0 |
|a Problem solving.
|
| 655 |
|
4 |
|a Electronic books.
|
| 700 |
1 |
|
|a Yeo, Roland K.
|
| 710 |
2 |
|
|a ProQuest (Firm)
|
| 856 |
4 |
0 |
|u https://ebookcentral.proquest.com/lib/matrademy/detail.action?docID=912084
|z Click to View
|